On Noam Chomsky : critical essays /

Bibliographic Details
Other Authors: Harman, Gilbert
Format: Book
Language:English
Published: Amherst : University of Massachusetts Press, 1982.
Edition:2nd ed.
Subjects:

MARC

Tag First Indicator Second Indicator Subfields
LEADER 00000pam a2200000 a 4500
001 in00000098639
005 20150924085914.0
008 811022s1982 maua b 00100 eng
010 |a  81016232  
020 |a 0870233556 (pbk.) :  |c $7.95 
035 |a (OCoLC)07946878 
035 |9 AAK9747AM 
039 0 |a 2  |b 3  |c 3  |d 3  |e 3 
040 |a DLC  |c DLC  |d TXA  |d UtOrBLW 
043 |a n-us--- 
049 |a TXAM  |c [952432] 
050 0 0 |a P85 C47  |b  O5 1982 
082 0 |a 410/.92/4  |2 19 
245 0 0 |a On Noam Chomsky :  |b critical essays /  |c edited with a new introduction by Gilbert Harman. 
250 |a 2nd ed. 
264 1 |a Amherst :  |b University of Massachusetts Press,  |c 1982. 
300 |a xvi, 348 pages :  |b illustrations ;  |c 21 cm. 
336 |a text  |b txt  |2 rdacontent 
337 |a unmediated  |b n  |2 rdamedia 
338 |a volume  |b nc  |2 rdacarrier 
504 |a Includes bibliographies and index. 
600 1 0 |a Chomsky, Noam. 
650 0 |a Linguistics  |x Research  |z United States. 
700 1 |a Harman, Gilbert. 
999 |a MARS 
999 f f |s 9803025a-e81e-39fc-8795-ddd7531e98ee  |i ac08f3c2-5d9f-3799-864d-f419912e5d0f  |t 0 
952 f f |p ric  |a Texas A&M University  |b Rellis Campus  |c Joint Library Facility  |s JLF  |d Remote Storage  |t 0  |e P85 C47 O5 1982  |h Library of Congress classification  |i unmediated -- volume  |m A14806030416 
998 f f |a P85 C47 O5 1982  |t 0  |l Remote Storage